Navigating Pakistani feminism fight by fight / (Record no. 104472)

MARC details
000 -LEADER
fixed length control field 00576nam a22001817a 4500
005 - DATE AND TIME OF LATEST TRANSACTION
control field 20161104165627.0
010 ## - LCCN (DPL NO)
LC control number ENG-116452
020 ## - INTERNATIONAL STANDARD BOOK NUMBER
International Standard Book Number 9788124119228
Terms of availability 595.00
035 ## - SYSTEM CONTROL NUMBER
System control number EN-99984
037 ## - SOURCE OF ACQUISITION
Source of stock number/acquisition DBAD/PUB
082 ## - DEWEY DECIMAL CLASSIFICATION NUMBER
Classification number 305.4209547
100 ## - MAIN ENTRY--PERSONAL NAME
Personal name Sarwari, Aisha
245 ## - TITLE STATEMENT
Title Navigating Pakistani feminism fight by fight /
Statement of responsibility, etc by Aisha Sarwari
260 ## - PUBLICATION, DISTRIBUTION, ETC. (IMPRINT)
Place of publication, distribution, etc New Delhi
Name of publisher, distributor, etc Har-Anand Publications Pvt Ltd
Date of publication, distribution, etc 2016
270 ## - ADDRESS
Address E-49/3, Okhla Industrial Area, Phase-II
City New Delhi
Postal code 110020
300 ## - PHYSICAL DESCRIPTION
Extent 162p.
Dimensions 21cm (Hb)
942 ## - ADDED ENTRY ELEMENTS (KOHA)
Source of classification or shelving scheme Dewey Decimal Classification
Item type English Books
Classification part 305.4209547
Call number suffix SAR
Holdings
Withdrawn status Lost status Not for loan Collection code Home library Current library Date acquired Source of acquisition Cost, normal purchase price Full call number Barcode Copy number Cost, replacement price Koha item type
      Non-fiction Ashok Vihar Ashok Vihar 04/11/2016 DBAD/PUB 595.00 305.4209547 SAR EN-99984 1 595.00 English Books

© Delhi Public Library
Hit Counter
free hit counter